Applied pharmacokinetics & pharmacodynamics : (Record no. 1095)

MARC details
000 -LEADER
fixed length control field 01633cam a22004094a 4500
001 - CONTROL NUMBER
control field 13932853
003 - CONTROL NUMBER IDENTIFIER
control field OSt
005 - DATE AND TIME OF LATEST TRANSACTION
control field 20150226125429.0
008 - FIXED-LENGTH DATA ELEMENTS--GENERAL INFORMATION
fixed length control field 050414s2006 mdua b 001 0 eng
010 ## - LIBRARY OF CONGRESS CONTROL NUMBER
LC control number 2005010684
020 ## - INTERNATIONAL STANDARD BOOK NUMBER
International Standard Book Number 0781744318
035 ## - SYSTEM CONTROL NUMBER
System control number (DNLM)101245987
040 ## - CATALOGING SOURCE
Original cataloging agency DNLM/DLC
Transcribing agency DLC
Modifying agency DLC
042 ## - AUTHENTICATION CODE
Authentication code pcc
050 00 - LIBRARY OF CONGRESS CALL NUMBER
Classification number RM301.5
Item number .A66 2006
060 00 - NATIONAL LIBRARY OF MEDICINE CALL NUMBER
Classification number QV 38
Item number A6527 2006
082 00 - DEWEY DECIMAL CLASSIFICATION NUMBER
Classification number QV 38 A58a 2006
Edition number 22
245 00 - TITLE STATEMENT
Title Applied pharmacokinetics & pharmacodynamics :
Remainder of title principles of therapeutic drug monitoring /
Statement of responsibility, etc. editors, Michael E. Burton ... [et al.].
246 3# - VARYING FORM OF TITLE
Title proper/short title Applied pharmacokinetics and pharmacodynamics
250 ## - EDITION STATEMENT
Edition statement 4th ed.
260 ## - PUBLICATION, DISTRIBUTION, ETC. (IMPRINT)
Place of publication, distribution, etc. Baltimore :
Name of publisher, distributor, etc. Lippincott Williams & Wilkins,
Date of publication, distribution, etc. c2006.
300 ## - PHYSICAL DESCRIPTION
Extent xvii, 867 p. :
Other physical details ill. ;
Dimensions 29 cm.
500 ## - GENERAL NOTE
General note Rev. ed. of: Applied pharmacokinetics / edited by William E. Evans, Jerome J. Schentag, William J. Jusko. 3rd ed. c1992.
504 ## - BIBLIOGRAPHY, ETC. NOTE
Bibliography, etc Includes bibliographical references and index.
650 #0 - SUBJECT ADDED ENTRY--TOPICAL TERM
Topical term or geographic name as entry element Pharmacokinetics.
9 (RLIN) 1609
650 #0 - SUBJECT ADDED ENTRY--TOPICAL TERM
Topical term or geographic name as entry element Drug monitoring.
9 (RLIN) 2967
650 12 - SUBJECT ADDED ENTRY--TOPICAL TERM
Topical term or geographic name as entry element Pharmacokinetics.
9 (RLIN) 1609
650 22 - SUBJECT ADDED ENTRY--TOPICAL TERM
Topical term or geographic name as entry element Drug Monitoring.
9 (RLIN) 2968
650 22 - SUBJECT ADDED ENTRY--TOPICAL TERM
Topical term or geographic name as entry element Pharmacology.
9 (RLIN) 357
700 1# - ADDED ENTRY--PERSONAL NAME
Personal name Burton, Michael E.
9 (RLIN) 2969
730 0# - ADDED ENTRY--UNIFORM TITLE
Uniform title Applied pharmacokinetics.
9 (RLIN) 2970
856 41 - ELECTRONIC LOCATION AND ACCESS
Materials specified Table of contents
Uniform Resource Identifier http://www.loc.gov/catdir/toc/ecip0511/2005010684.html
856 42 - ELECTRONIC LOCATION AND ACCESS
Materials specified Publisher description
Uniform Resource Identifier http://www.loc.gov/catdir/enhancements/fy0712/2005010684-d.html
906 ## - LOCAL DATA ELEMENT F, LDF (RLIN)
a 7
b cbc
c orignew
d 1
e ecip
f 20
g y-gencatlg
942 ## - ADDED ENTRY ELEMENTS (KOHA)
Source of classification or shelving scheme Other/Generic Classification Scheme
Koha item type Short Loan
Holdings
Withdrawn status Lost status Source of classification or shelving scheme Damaged status Not for loan Home library Current library Date acquired Source of acquisition Inventory number Total Checkouts Full call number Barcode Date last seen Price effective from Koha item type
    Other/Generic Classification Scheme     MUST Main Library MUST Main Library 26/02/2015   2006/26554   QV 38 A58a 2006 2015-0378 26/02/2015 26/02/2015 Short Loan